Wszystkie linie KM Płock - Statystyki

Ogólne statystyki
  • Ten quiz został rozwiązany 147 razy
  • Średni wynik to 28 z 37
Statystyki odpowiedzi
Linie: % Poprawnych
2
98%
3
98%
7
97%
14
96%
4
96%
10
95%
0
92%
20
92%
26
92%
19
91%
22
91%
15
90%
24
89%
35
85%
31
82%
33
82%
32
80%
37
79%
112
76%
110
75%
111
75%
101
72%
102
72%
103
72%
105
72%
104
71%
140
71%
120
70%
130
69%
100
63%
N1
55%
60
49%
61
49%
62
49%
B
41%
A
39%
C
36%
Nie znaleziono quizów pasujących do podanych kryteriów
Rozkład punktacji
Procent ludzi z każdym wynikiem
Percentyl według liczby udzielonych odpowiedzi
Twoja historia wyników
Nie rozwiązałeś tego quizu